| 000 | 00407nam a22001217a 4500 | ||
|---|---|---|---|
| 082 | _a220 PRO | ||
| 100 |
_aAAMIR HASIB MALIK, MUHAMMAD HAMZA KHAN, WALEED ILYAS, SYED SAJJAD HAIDER _971190 |
||
| 245 | _aPR-SOF-1430-DESIGN AND FABRICATION OF COMPUTER NUMERIC CONTROL - CNC | ||
| 260 |
_aISLAMABAD _bNUST COLLEGE OF EME _c2015 |
||
| 650 |
_aDE-ELECT-33 _971191 |
||
| 700 |
_aDR TAHIR ZAIDI _931395 |
||
| 942 | _cCR | ||
| 999 |
_c577847 _d577847 |
||